[Event "Challenge"]
[Site "http://www.queenalice.com/game.php?id=1831043"]
[Date "2024.2.7"]
[Round "-"]
[White "edemarc"]
[Black "chessman"]
[Result "0-1"]
[WhiteElo "1505"]
[BlackElo "1985"]

1. e4 e6 2. d4 d5 3. e5 c5 4. Be3 Nc6 5. c3 cxd4 6. Bxd4 Nxd4 7. Qxd4 Ne7 8. Bd3
Nc6 9. Bb5 Bd7 10. Bxc6 Bxc6 11. Nd2 Qb6 12. Qxb6 axb6 13. Ngf3 Bc5 14. b4 Be7
15. O-O Ra3 16. Rfc1 O-O 17. h3 Rfa8 18. Nd4 Rxa2 19. Rxa2 Rxa2 20. N2f3 h6 21.
Ne1 Kf8 22. Rd1 Ra3 23. b5 Bd7 24. Kf1 Rxc3 25. Rb1 Rc4 26. Nef3 Bc5 27. Ne2 Rc2
28. Ne1 Ra2 29. Nf3 Ke7 30. Rb3 Ra1+ 31. Ne1 d4 32. g3 d3 33. Rxd3 Bxb5 34. Rd2
Bb4 35. Kg2 Bxd2 36. Nc2 Rd1 37. Ng1 Bc6+ 38. Kh2 b5 39. h4 Rxg1 40. Kxg1 b4 41.
f3 Bxf3 42. Kf2 b3 43. Na1 b2 0-1

[Event "Challenge"]
[Site "http://www.queenalice.com/game.php?id=1831044"]
[Date "2024.2.7"]
[Round "-"]
[White "edemarc"]
[Black "Fauquinelle"]
[Result "0-1"]
[WhiteElo "1507"]
[BlackElo "1991"]

1. e4 c5 2. d3 g6 3. f4 d5 4. e5 e6 5. d4 a6 6. Nf3 Nc6 7. c3 cxd4 8. cxd4 Nh6
9. Ng5 Nf5 10. Nf3 Qb6 11. g4 Nfxd4 12. b3 Bd7 13. Be3 Nxf3+ 14. Qxf3 Nd4 15.
Qd1 Bc5 16. Nc3 Nc2+ 17. Qxc2 Bxe3 18. h4 Bxf4 19. Rh3 Bxe5 20. Nxd5 exd5 21.
Be2 Bxa1 22. Rh2 Qb4+ 23. Kf1 Rc8 24. Qd1 Qf4+ 25. Rf2 Qe5 26. b4 Bb2 27. Bd3
O-O 28. g5 Rc1 29. Qxc1 Bxc1 30. Re2 Bh3+ 0-1

[Event "Challenge"]
[Site "http://www.queenalice.com/game.php?id=1834405"]
[Date "2024.4.1"]
[Round "-"]
[White "edemarc"]
[Black "Patrick_1977"]
[Result "0-1"]
[WhiteElo "1503"]
[BlackElo "1764"]

1. e4 e5 2. d3 Nf6 3. Bg5 Bc5 4. c3 h6 5. Bxf6 Qxf6 6. Nh3 Nc6 7. a3 d6 8. g4
Be6 9. b4 Bb6 10. b5 Ne7 11. Nd2 c6 12. a4 a6 13. d4 exd4 14. c4 Qh4 15. Rg1 Ng6
16. Nf3 Qf6 17. Ra3 Ne5 18. g5 hxg5 19. Nhxg5 Nxf3+ 20. Rxf3 Qh6 21. h3 O-O-O
22. Rgg3 Rdf8 23. Bd3 Bd7 24. Nxf7 Rxf7 25. Rxf7 Be6 26. Rfxg7 Bxh3 27. R3g6 Qh4
28. Rxd6 Ba5+ 29. Ke2 Bg4+ 30. Rxg4 Qxg4+ 31. f3 Qg2# 0-1

[Event "Challenge"]
[Site "http://www.queenalice.com/game.php?id=1834406"]
[Date "2024.4.1"]
[Round "-"]
[White "edemarc"]
[Black "Petruzza"]
[Result "0-1"]
[WhiteElo "1519"]
[BlackElo "1828"]

1. e4 e5 2. d3 Nc6 3. c3 Qf6 4. Be3 Nh6 5. f3 Bd6 6. Qd2 b6 7. Bg5 Qg6 8. h4 f6
9. h5 Qxg5 10. b4 a5 11. b5 Na7 12. a4 Bb7 13. Qe2 f5 14. Nd2 f4 15. g4 Bc5 16.
Nh3 Qh4+ 17. Kd1 Nc8 18. Nf2 Qxf2 19. g5 Nf7 20. Bg2 Nxg5 21. Rf1 Qe3 22. Ra2
Nd6 23. c4 c6 24. Rb2 cxb5 25. cxb5 Qd4 26. Nb3 Qe3 27. Qc2 Bb4 28. Qb1 Rc8 29.
Re2 Qxe2+ 30. Kxe2 O-O 31. Rc1 Rxc1 32. Qxc1 Rc8 33. Qd1 Ne6 34. Bh3 Rd8 35. Qg1
Nc5 36. h6 Ne8 37. Nc1 Ne6 38. Bxe6+ dxe6 39. Qg5 Rc8 40. Kd1 Bd6 41. Ne2 g6 42.
d4 exd4 43. Qg4 Kf7 44. Nxd4 e5 45. Qe6+ Kf8 46. Nc6 Rxc6 47. bxc6 Bxc6 48. Qc4
Bd7 49. Ke1 Bb4+ 50. Kf1 Bc5 51. Kg2 Nf6 52. Kh2 Ke7 53. Qc3 Bd4 54. Qc7 Ng8 55.
Qb8 Nf6 56. Qh8 Bxa4 57. Kh3 Bd1 58. Kh4 Bxf3 59. Qg7+ Ke6 60. Kg5 Nxe4+ 61. Kh4
g5+ 62. Kh3 g4+ 63. Kh4 Bf2+ 64. Kh5 g3+ 65. Kh4 g2+ 0-1

[Event "Challenge"]
[Site "http://www.queenalice.com/game.php?id=1834407"]
[Date "2024.4.1"]
[Round "-"]
[White "edemarc"]
[Black "Arnoldus"]
[Result "0-1"]
[WhiteElo "1497"]
[BlackElo "2026"]

1. e4 d5 2. e5 c5 3. d4 c4 4. c3 Bf5 5. Nd2 e6 6. g4 Bg6 7. Ndf3 h5 8. g5 Be4 9.
Bg2 Ne7 10. Nh4 Bxg2 11. Nxg2 g6 12. h4 Nbc6 13. Nh3 Bg7 14. Bf4 b5 15. a3 a5
16. O-O b4 17. a4 Nf5 18. Re1 Rb8 19. Rb1 O-O 20. Re2 bxc3 21. bxc3 Nfxd4 22.
Reb2 Rxb2 23. Rxb2 Nb3 24. f3 Nxe5 25. Bxe5 Bxe5 26. Qc2 Qb6+ 27. Kh1 Qd6 28. f4
Bg7 29. Nf2 d4 30. Ne4 Qc6 31. Ra2 d3 32. Qd1 Qxe4 33. Rf2 Bxc3 34. Rf3 Rd8 35.
Re3 Qd4 36. Kh2 Bb4 37. Kh3 c3 38. Rxd3 Qxd3+ 39. Qxd3 Rxd3+ 40. Kh2 c2 0-1

[Event "Challenge"]
[Site "http://www.queenalice.com/game.php?id=1837018"]
[Date "2024.5.17"]
[Round "-"]
[White "edemarc"]
[Black "Petruzza"]
[Result "0-1"]
[WhiteElo "1523"]
[BlackElo "1824"]

1. e4 e5 2. f3 Nc6 3. c3 Bc5 4. Ne2 Nf6 5. d3 a5 6. a4 d5 7. Bg5 h6 8. Bxf6 gxf6
9. d4 exd4 10. cxd4 Bb4+ 11. Nd2 dxe4 12. fxe4 Bg4 13. h3 Bh5 14. g4 Bg6 15. Bg2
O-O 16. O-O Nxd4 17. e5 Nxe2+ 18. Qxe2 Qxd2 19. Qf2 Qxf2+ 20. Kxf2 fxe5 21. Rac1
c6 22. Kg1 Bd2 23. Rcd1 Bf4 24. b3 Bc2 25. Rd7 Rab8 26. Re1 Bxb3 27. Re4 b5 28.
Re1 c5 29. Ra7 bxa4 30. Rxa5 c4 31. Bd5 Bd2 32. Ra7 Bxe1 33. Kf1 Bb4 34. Ke2
Rbd8 35. Be4 Bd1+ 36. Kf1 c3 37. Rc7 Rd4 38. Re7 Bxe7 39. Bf5 c2 0-1

[Event "Challenge"]
[Site "http://www.queenalice.com/game.php?id=1837019"]
[Date "2024.5.17"]
[Round "-"]
[White "edemarc"]
[Black "dimitridruloza2012"]
[Result "1-0"]
[WhiteElo "1495"]
[BlackElo "1791"]

1. e4 b6 2. d4 Bb7 3. Nd2 g6 4. g3 Bg7 5. c3 Nf6 6. f3 Nh5 7. Nc4 Nc6 8. d5 Ne5
9. g4 Nf6 10. Nxe5 Nxe4 11. Nxf7 Kxf7 12. fxe4 Rf8 13. Bc4 Kg8 14. Bg5 Qe8 15.
Qd2 Qf7 16. O-O-O a5 17. b3 d6 18. Rf1 Bf6 19. Bh6 Rfe8 20. g5 Bxc3 21. Qd3 Bf6
22. h4 c6 23. gxf6 exf6 24. dxc6 Re6 25. cxb7 Rb8 26. Bd5 Rxb7 27. Rh3 Qd7 28.
Rxf6 a4 29. Bxe6+ Qxe6 30. Rxe6 Kf7 31. Rxd6 Rc7+ 32. Kb2 axb3 33. Qxb3+ Ke7 34.
Qe6# 1-0

[Event "Challenge"]
[Site "http://www.queenalice.com/game.php?id=1838109"]
[Date "2024.6.6"]
[Round "-"]
[White "edemarc"]
[Black "serrameira"]
[Result "0-1"]
[WhiteElo "1545"]
[BlackElo "2019"]

1. e4 e5 2. f3 Be7 3. g3 Nc6 4. c3 Nf6 5. d3 O-O 6. h4 d6 7. g4 Be6 8. Bg5 h6 9.
Bxh6 gxh6 10. g5 hxg5 11. hxg5 Nh7 12. Rh2 Bxg5 13. b4 Bf4 14. Rh5 Nf6 15. Rh1
Re8 16. Nh3 Bg3+ 17. Ke2 Kf8 18. Ng5 Ke7 19. Bh3 Bxh3 20. Rxh3 Bf4 21. Qg1 Rg8
22. Rg3 Bxg3 23. Qxg3 Nh7 24. f4 exf4 25. Qxf4 Nxg5 26. b5 Ne5 27. Nd2 Ne6 28.
Qf2 Ng4 29. Qf3 Ne5 30. Qf2 Ke8 31. Rh1 Qg5 32. Nf3 Nxf3 33. Kxf3 Qg4+ 34. Ke3
Ke7 35. Rh4 Qg5+ 36. Ke2 Qc1 37. c4 Qc2+ 38. Ke3 Qxf2+ 39. Kxf2 Rg6 40. Rh5 Rag8
41. Rh2 Nf4 42. Ke3 Ne6 43. e5 dxe5 44. Ke4 Rg5 45. Rd2 Nc5+ 46. Kd5 e4+ 47. Kd4
b6 48. dxe4 Rd8+ 49. Ke3 Rxd2 50. Kxd2 Rg3 51. Kc2 Rd3 52. e5 Ke6 0-1

[Event "Challenge"]
[Site "http://www.queenalice.com/game.php?id=1841426"]
[Date "2024.8.4"]
[Round "-"]
[White "edemarc"]
[Black "Leanne"]
[Result "1-0"]
[WhiteElo "1515"]
[BlackElo "1278"]

1. e4 e6 2. d4 c5 3. e5 Nc6 4. c3 d6 5. Bf4 cxd4 6. cxd4 dxe5 7. Bxe5 Nxe5 8.
Bb5+ Nd7 9. a3 Nf6 10. f3 Be7 11. Ne2 O-O 12. Nbc3 Nd5 13. Qd3 Nxc3 14. Nxc3 Nf6
15. O-O Bd6 16. Rae1 Qb6 17. Na4 Qc7 18. g3 e5 19. Rc1 1-0

[Event "Challenge"]
[Site "http://www.queenalice.com/game.php?id=1841427"]
[Date "2024.8.4"]
[Round "-"]
[White "edemarc"]
[Black "Curie"]
[Result "1-0"]
[WhiteElo "1522"]
[BlackElo "1685"]

1. e4 e5 2. f3 d5 3. Qe2 Nc6 4. c3 Bc5 5. b4 Nxb4 6. cxb4 Bxb4 7. a3 Bc5 8. Qb5+
Bd7 9. Qxc5 Be6 10. Nc3 b6 11. Bb5+ Bd7 12. Qxd5 c6 13. Qxe5+ Ne7 14. Qxg7 Ng6
15. Bc4 Ke7 16. e5 Be6 17. Bxe6 Kxe6 18. Nh3 Qh4+ 19. Kd1 Rad8 20. Re1 Rhe8 21.
Re4 Qe7 22. f4 Kd7 23. Ng5 Kc8 24. Qxh7 Rh8 25. Qg7 Rdg8 26. Qf6 Rd8 27. Qxc6+
Qc7 28. Qa8+ Qb8 29. Rc4+ Kd7 30. Qc6+ Ke7 31. Qf6+ Kd7 32. Qxf7+ Ne7 33. e6+
Kd6 34. Nge4# 1-0

[Event "Challenge"]
[Site "http://www.queenalice.com/game.php?id=1845345"]
[Date "2024.10.13"]
[Round "-"]
[White "edemarc"]
[Black "Capixaba789"]
[Result "0-1"]
[WhiteElo "1557"]
[BlackElo "1805"]

1. e4 e5 2. d3 Nf6 3. Bg5 Be7 4. Be2 O-O 5. h4 d5 6. Bh5 Be6 7. f4 Nxh5 8. Qxh5
f6 9. Bh6 gxh6 10. Qxh6 Qe8 11. f5 Bf7 12. g4 Kh8 13. h5 Rg8 14. Qe3 d4 15. Qe2
Nc6 16. Nd2 Nb4 17. Nc4 c5 18. Rh4 b5 19. a3 Nc6 20. Nd2 a6 21. c3 dxc3 22. bxc3
Qd7 23. Ngf3 a5 24. Qf2 b4 25. c4 bxa3 26. Rxa3 Nd4 27. Nb3 a4 28. Nc1 Rab8 29.
Kd1 Rb1 30. Nd2 Rb4 31. Ke1 Nc2+ 32. Kf1 Nxa3 33. Nf3 Nxc4 34. Kg2 Rb2 35. Ne2
Nd6 36. Kg3 a3 37. Rh1 a2 38. Rc1 Rb3 39. Ra1 Rxd3 40. Nc1 Nxe4+ 41. Kg2 Nxf2
42. Kxf2 Ra3 43. Kg3 e4 44. Rxa2 Rxf3+ 45. Kg2 Qxf5 46. Ne2 Rxg4+ 0-1

[Event "Challenge"]
[Site "http://www.queenalice.com/game.php?id=1845347"]
[Date "2024.10.13"]
[Round "-"]
[White "edemarc"]
[Black "renet54"]
[Result "1-0"]
[WhiteElo "1543"]
[BlackElo "1494"]

1. e4 e5 2. d3 Nc6 3. Be3 Nf6 4. Qd2 Bb4 5. c3 Bd6 6. Bg5 O-O 7. h4 Qe7 8. f3 h6
9. Bxh6 gxh6 10. Qxh6 Re8 11. g4 Qe6 12. Bh3 Bf8 13. Qe3 d5 14. g5 Qd6 15. gxf6
Bxh3 16. Rxh3 Qxf6 17. exd5 Rad8 18. c4 Nd4 19. Qd2 Bh6 20. Qg2+ Bg7 21. Nc3 e4
22. O-O-O exd3 23. Ne4 Nxf3 24. Nxf6+ Kh8 25. Qxf3 Bh6+ 26. Kb1 Rd6 27. Nxe8 Rb6
28. Rxd3 a5 29. Qxf7 a4 30. a3 c5 31. Rhg3 1-0

[Event "Challenge"]
[Site "http://www.queenalice.com/game.php?id=1847161"]
[Date "2024.11.13"]
[Round "-"]
[White "edemarc"]
[Black "serrameira"]
[Result "0-1"]
[WhiteElo "1538"]
[BlackElo "2011"]

1. e4 e5 2. f3 Qh4+ 3. g3 Qf6 4. c3 Bc5 5. Nh3 Ne7 6. d3 h6 7. b4 Bb6 8. f4 exf4
9. Bxf4 d6 10. Nd2 Bxh3 11. d4 Bxf1 12. Rxf1 Qe6 13. Qf3 O-O 14. Kf2 Ng6 15. Kg2
Nd7 16. d5 Qe8 17. Rae1 Nde5 18. Qe2 Nxf4+ 19. Rxf4 a6 20. Ref1 Rd8 21. Nf3 Nxf3
22. R1xf3 Rd7 23. c4 f6 24. g4 Bd4 25. Rd3 Be5 26. Rf5 g6 27. Rf2 b6 28. Rh3 Kg7
29. Rhf3 Rdf7 30. h3 Bd4 31. Rf1 Qa4 32. h4 Qxb4 33. a3 Qb2 34. Qxb2 Bxb2 35.
Rb1 Bd4 36. Rd3 Bc5 37. Kg3 Re7 38. Kf3 f5 39. exf5 gxf5 40. g5 h5 41. a4 a5 42.
Rh1 Re4 43. Rh2 Rxc4 44. Re2 Rxh4 45. Re7+ Kg6 46. Rxc7 Kxg5 47. Kg3 Rxa4 48.
Kh3 Ra3 49. Rxa3 Bxa3 50. Ra7 Kg6 51. Ra6 Bc5 52. Kg3 Re8 0-1

[Event "Challenge"]
[Site "http://www.queenalice.com/game.php?id=1847162"]
[Date "2024.11.13"]
[Round "-"]
[White "edemarc"]
[Black "dimitridruloza2012"]
[Result "0-1"]
[WhiteElo "1544"]
[BlackElo "1803"]

1. e4 b6 2. d4 Bb7 3. Nc3 g6 4. Be3 Bg7 5. f3 Nf6 6. e5 Nd5 7. Qd2 e6 8. g3 Qe7
9. a3 Nc6 10. Bg5 f6 11. exf6 Bxf6 12. Bxf6 Nxf6 13. O-O-O Na5 14. Be2 O-O-O 15.
b4 Nc6 16. Nb5 a6 17. Nc3 Qd6 18. b5 Nxd4 19. Qxd4 Nd5 20. Nb1 a5 21. c4 Ne7 22.
Qg7 Qc5 23. Rd4 Nf5 24. Qf6 Nxd4 25. Bd1 Qxc4+ 26. Bc2 Qxc2# 0-1

[Event "Challenge"]
[Site "http://www.queenalice.com/game.php?id=1848043"]
[Date "2024.11.29"]
[Round "-"]
[White "edemarc"]
[Black "SGF"]
[Result "0-1"]
[WhiteElo "1551"]
[BlackElo "1770"]

1. e4 e5 2. f3 Qf6 3. d3 d6 4. h3 Be7 5. Be3 Qg6 6. g4 h5 7. c3 hxg4 8. Bg2 gxh3
9. Rxh3 Bxh3 10. Bxh3 Bh4+ 11. Kd2 Bg5 12. Bf5 Bxe3+ 13. Kxe3 Qg5+ 14. Ke2 Rh2+
15. Kf1 Qg2+ 0-1

[Event "Challenge"]
[Site "http://www.queenalice.com/game.php?id=1850711"]
[Date "2025.1.20"]
[Round "-"]
[White "edemarc"]
[Black "Carlos19"]
[Result "0-1"]
[WhiteElo "1530"]
[BlackElo "1510"]

1. e4 e5 2. f3 Nf6 3. d3 Bc5 4. Ne2 d6 5. Bg5 h6 6. Bh4 Nc6 7. c3 g5 8. Bg3 g4
9. b4 Bb6 10. b5 Ne7 11. d4 exd4 12. cxd4 gxf3 13. gxf3 a5 14. a4 c6 15. Nbc3 c5
16. d5 h5 17. h4 Ng6 18. Qd2 Ne5 19. Bxe5 dxe5 20. Qg5 Rg8 21. Qd2 Ba7 22. Ra3
b6 23. Qc2 Bd7 24. Rg1 Rxg1 25. Nxg1 Ke7 26. Kd1 Qg8 27. Nce2 Rc8 28. Re3 Kd6
29. Kc1 Qg7 30. Qb2 c4 31. Qa3+ Rc5 32. Rc3 Qh6+ 33. Kc2 Nh7 34. Bg2 Qg6 35. Bf1
f5 36. Re3 f4 37. Rc3 Qf6 38. Qc1 Qxh4 39. Kb2 Qf2 40. Rc2 Qe3 41. Qb1 Qb3+ 42.
Kc1 Qa3+ 43. Rb2 c3 44. Nxc3 Qxc3+ 45. Rc2 Qe3+ 46. Kd1 Qxg1 47. Ke1 Rxc2 48.
Qxc2 Qg3+ 49. Qf2 Qxf2+ 50. Kxf2 Kc5 51. Bd3 h4 52. Bc2 h3 53. Kg1 Kd4 54. Kf2
Ng5 55. Bd1 Kd3 56. Be2+ Kd2 57. Bf1 Kc3 0-1

[Event "Challenge"]
[Site "http://www.queenalice.com/game.php?id=1850730"]
[Date "2025.1.21"]
[Round "-"]
[White "edemarc"]
[Black "kuntakinte"]
[Result "0-1"]
[WhiteElo "1536"]
[BlackElo "1782"]

1. e4 e5 2. f3 d6 3. d3 c5 4. c4 Ne7 5. h3 Nbc6 6. Be3 Qa5+ 7. Nd2 Qb6 8. b3 a5
9. a3 Qd8 10. Ne2 Ng6 11. g3 Be7 12. h4 O-O 13. h5 Nh8 14. g4 f6 15. h6 Rf7 16.
Ra2 b6 17. Bh3 Ba6 18. Bg2 b5 19. Qc2 Ng6 20. f4 b4 21. a4 Bc8 22. Bf3 exf4 23.
Nxf4 Nxf4 24. Bxf4 Nd4 25. Qd1 g6 26. Be3 g5 27. Bxd4 cxd4 28. e5 Ra6 29. Nf1
dxe5 30. Nd2 f5 31. Bd5 fxg4 32. Rf1 Rf6 33. Rxf6 Bxf6 34. Bxf7+ Kxf7 35. Ne4
Bf5 36. Ng3 Be6 37. Rf2 Kg8 38. Nh5 Be7 39. Kd2 Qe8 40. Ng3 Qg6 41. Qe2 Bd6 42.
Ne4 Be7 43. c5 Qxh6 44. Rh2 Qg6 45. Kc2 Qf7 46. Rh6 Bxb3+ 47. Kb2 Bxa4 48. Qxg4
Qb3+ 0-1

[Event "Challenge"]
[Site "http://www.queenalice.com/game.php?id=1853005"]
[Date "2025.2.26"]
[Round "-"]
[White "edemarc"]
[Black "digger"]
[Result "1-0"]
[WhiteElo "1513"]
[BlackElo "1624"]

1. e4 e5 2. f3 d6 3. d3 Nc6 4. c3 Be6 5. Be2 Qe7 6. g3 Nf6 7. Bg5 h6 8. Bxf6
Qxf6 9. h4 d5 10. Nd2 O-O-O 11. b4 dxe4 12. Nxe4 Qg6 13. h5 Qh7 14. b5 Na5 15.
Qd2 b6 16. Rc1 f5 17. Nf2 g5 18. c4 g4 19. f4 Bxc4 20. fxe5 Bd5 21. Rh2 Be7 22.
d4 Qf7 23. Qc2 Rd7 24. Bd3 Bg5 25. Rb1 Bxa2 26. Rb2 Be6 27. Nd1 Rxd4 28. Ne2 Rd5
29. Rb4 Qe7 30. Ra4 Rhd8 31. Nb2 Rxe5 32. Kf1 Qf7 33. Qc3 Qf6 34. Nd4 Kb7 35.
Nc6 Rd6 36. Nxa5+ bxa5 37. Rc2 Re3 38. Qxa5 Rf3+ 39. Kg2 Be3 40. Qxc7+ Ka8 41.
Re2 Qf8 42. Rxe3 Rxe3 43. Qxa7# 1-0

[Event "Challenge"]
[Site "http://www.queenalice.com/game.php?id=1853006"]
[Date "2025.2.26"]
[Round "-"]
[White "edemarc"]
[Black "fbenevides2019"]
[Result "0-1"]
[WhiteElo "1553"]
[BlackElo "1889"]

1. e4 d5 2. e5 e6 3. d4 Nc6 4. Bb5 Bd7 5. Bxc6 Bxc6 6. a3 a5 7. a4 b5 8. b3 bxa4
9. bxa4 h6 10. Bd2 Qh4 11. Nf3 Qg4 12. g3 Qe4+ 13. Be3 Bb4+ 14. c3 Be7 15. O-O
Qf5 16. Nbd2 Bb7 17. Rb1 Ba6 18. Re1 c6 19. Rb6 Kd7 20. Bf4 Bd8 21. Rb3 Bd3 22.
Rb7+ Ke8 23. Qb3 Bc2 24. Qa2 Be4 25. Re3 Bxf3 26. Rxf3 h5 27. h4 Qg6 28. Kf1 Ne7
29. c4 dxc4 30. Qxc4 Qg4 31. Kg2 Rc8 32. Ne4 Bc7 33. Nd6+ Bxd6 34. exd6 Kf8 35.
dxe7+ Ke8 36. Bd6 f6 37. Rf4 Qd1 38. Rb8 Rxb8 39. Qxc6+ Kf7 40. Qd7 Rbe8 41. Re4
Qb3 42. Kh3 Qf3 43. Qxe6+ Kg6 44. Rf4 Qh1# 0-1

[Event "Challenge"]
[Site "http://www.queenalice.com/game.php?id=1857725"]
[Date "2025.5.23"]
[Round "-"]
[White "edemarc"]
[Black "doudourov"]
[Result "1-0"]
[WhiteElo "1541"]
[BlackElo "1058"]

1. e4 e5 2. d3 b6 3. c4 Bb4+ 4. Bd2 Nc6 5. a3 Bxd2+ 6. Nxd2 Nf6 7. Be2 Nd4 8.
Ngf3 Nxe2 9. Qxe2 O-O 10. Ng5 h6 11. Ngf3 d6 12. d4 exd4 13. Nxd4 c5 14. N4b3
Bg4 15. f3 Bh5 16. g4 Bg6 17. f4 Re8 18. f5 Bh7 19. h4 a5 20. g5 a4 21. Nc1 hxg5
22. hxg5 Nd7 23. Qh5 g6 24. Qxh7+ Kf8 25. Qh6+ Ke7 26. fxg6 Rh8 27. Qg7 Rxh1+
28. Nf1 Qg8 29. Qc3 Qxg6 30. Ne2 Qxg5 31. Ng3 Qh4 32. Kf2 Qf4+ 33. Qf3 Rh4 34.
Re1 Ne5 35. Qxf4 Rxf4+ 36. Kg2 Nd3 37. Re2 Rf2+ 38. Rxf2 Nxf2 39. Kxf2 Rh8 40.
Nf5+ Ke6 41. Ke3 Rh1 42. N5g3 Rg1 43. Kf2 Rxg3 44. Nxg3 Ke5 45. Ke3 f6 46. Nh5
f5 47. Ng7 f4+ 48. Kf3 Kd4 49. Nf5+ Kd3 50. Nxd6 Kc2 51. Nb5 Kxb2 52. e5 Kb3 53.
e6 Kxc4 54. Na7 Kd5 55. e7 c4 56. e8=Q c3 57. Qc6+ Kd4 58. Nb5+ Kd3 59. Qxc3#
1-0

[Event "Challenge"]
[Site "http://www.queenalice.com/game.php?id=1857726"]
[Date "2025.5.23"]
[Round "-"]
[White "edemarc"]
[Black "renet54"]
[Result "1-0"]
[WhiteElo "1533"]
[BlackElo "1632"]

1. e4 e5 2. d3 Nc6 3. c3 Bc5 4. b4 Bb6 5. b5 Nce7 6. d4 exd4 7. cxd4 d6 8. d5
Nf6 9. Bd3 O-O 10. Bg5 Re8 11. Bxf6 gxf6 12. Qh5 Ng6 13. g3 Bd4 14. f4 f5 15. e5
Bxa1 16. g4 Nxf4 17. Qh6 Nxd3+ 18. Kf1 Nxe5 19. h3 fxg4 20. Rh2 gxh3 21. Nxh3
Nf3 22. Rg2+ 1-0

[Event "Challenge"]
[Site "http://www.queenalice.com/game.php?id=1859968"]
[Date "2025.7.15"]
[Round "-"]
[White "edemarc"]
[Black "cerenzo72"]
[Result "0-1"]
[WhiteElo "1550"]
[BlackElo "2112"]

1. e4 e5 2. f3 d5 3. d3 Nf6 4. Bg5 Be7 5. Bxf6 Bxf6 6. Nd2 Nc6 7. c3 dxe4 8.
fxe4 O-O 9. g3 b6 10. h3 Bb7 11. Be2 Ba6 12. Ngf3 Bxd3 13. g4 h6 14. h4 Bxe2 15.
Qxe2 Qd7 16. g5 hxg5 17. hxg5 Bxg5 18. Nxg5 f6 19. Nh7 Rfd8 20. Rd1 Qf7 21. Qg4
Ne7 22. Ke2 Ng6 23. Rdf1 Nf4+ 24. Rxf4 exf4 25. b3 Rd7 26. Rh6 Rd6 27. Nf3 Re8
28. Rg6 Rxe4+ 29. Kf1 Kxh7 30. Qh5+ Kg8 31. Qg4 f5 32. Qg5 Rxg6 33. Qd8+ Re8 34.
Qd4 Rge6 35. Qxf4 Re4 36. Qg5 Qd5 37. Kg2 Rg4+ 38. Qxg4 fxg4 0-1

[Event "Challenge"]
[Site "http://www.queenalice.com/game.php?id=1861623"]
[Date "2025.8.14"]
[Round "-"]
[White "edemarc"]
[Black "dimitridruloza2012"]
[Result "0-1"]
[WhiteElo "1548"]
[BlackElo "1779"]

1. e4 b6 2. d3 Bb7 3. Be2 g6 4. Nf3 Bg7 5. c3 Nf6 6. e5 Nd5 7. c4 Nb4 8. Bd2
N4c6 9. d4 e6 10. Be3 Nb4 11. O-O Qe7 12. a3 N4c6 13. Bg5 f6 14. Bh4 g5 15. Bg3
h5 16. h4 g4 17. Nh2 fxe5 18. d5 Nd4 19. Nd2 Na6 20. f3 gxf3 21. Nhxf3 exd5 22.
cxd5 Bxd5 23. Ng5 Bf6 24. Bxh5+ Kd8 25. Rf5 Nxf5 26. Rc1 Nxg3 27. Bg4 Bxg5 28.
h5 Rg8 29. Rc3 Be3+ 30. Rxe3 Nxh5 31. Qe2 Bb7 32. Rxe5 Qh4 33. Bf3 Ng3 34. Qe3
Qh1+ 35. Kf2 Bxf3 36. Kxf3 Kc8 37. Qf2 Rf8+ 38. Kxg3 Rxf2 39. Kxf2 Kb7 40. Rg5
Qh4+ 41. Rg3 Rf8+ 42. Nf3 Nc5 0-1

[Event "Challenge"]
[Site "http://www.queenalice.com/game.php?id=1864694"]
[Date "2025.10.24"]
[Round "-"]
[White "edemarc"]
[Black "Capixaba789"]
[Result "0-1"]
[WhiteElo "1543"]
[BlackElo "1878"]

1. e4 Nf6 2. d3 e5 3. Bg5 Be7 4. Bxf6 Bxf6 5. Nf3 d6 6. h3 Be6 7. Be2 c5 8. c3
Nc6 9. a3 O-O 10. Nbd2 a6 11. b4 b6 12. Qc2 Be7 13. Nh2 cxb4 14. axb4 Bf6 15. g4
h6 16. O-O-O Rc8 17. Rhg1 a5 18. Qb1 axb4 19. c4 Nd4 20. Rde1 b5 21. Qxb4 Be7
22. Qb2 bxc4 23. dxc4 Bg5 24. Ref1 Nxe2+ 25. Kd1 Nxg1 26. Rxg1 Bf4 27. Nhf3 Qa5
28. Re1 Rb8 29. Nb3 Qb4 30. Kc2 Qxc4+ 31. Kb1 Rxb3 32. Rc1 Rxb2+ 33. Kxb2 Qb3+
34. Ka1 Ra8# 0-1

[Event "Challenge"]
[Site "http://www.queenalice.com/game.php?id=1865086"]
[Date "2025.11.3"]
[Round "-"]
[White "edemarc"]
[Black "matamuff"]
[Result "0-1"]
[WhiteElo "1540"]
[BlackElo "1881"]

1. e4 d6 2. d4 g6 3. d5 Bg7 4. h3 a6 5. c3 e6 6. Bc4 e5 7. Nd2 Nf6 8. f3 Nbd7 9.
Ne2 b5 10. Bb3 O-O 11. Ng3 Bb7 12. c4 Nc5 13. Qe2 Nxb3 14. Nxb3 Nd7 15. h4 bxc4
16. Qxc4 h5 17. Nf5 gxf5 18. exf5 Nf6 19. Bg5 Qd7 20. g4 Bxd5 21. Qd3 Qb5 22.
Qf1 Qxf1+ 23. Rxf1 Kh7 24. Nd2 hxg4 25. f4 exf4 26. Kd1 f3 27. Rh1 f2 28. Rf1 g3
29. Ke2 Rae8+ 30. Be3 Ng4 31. Kd3 Rxe3+ 32. Kc2 Be4+ 33. Kd1 g2 0-1